[Event "Wch U12"]
[Site "Batumi"]
[Date "2022.09.18"]
[Round "3"]
[White "Deysel, Kaleb"]
[Black "Mezni, Elyes"]
[Result "0-1"]
[WhiteElo "1108"]
[BlackElo "1402"]
[PlyCount "90"]
[EventDate "2022.09.16"]
[EventType "swiss"]
[EventRounds "11"]
[EventCountry "GEO"]
[SourceTitle "EXT 2023"]
[Source "ChessBase"]
[SourceDate "2022.10.05"]
[SourceVersion "1"]
[SourceVersionDate "2022.10.05"]
[SourceQuality "1"]

1. d4 Nf6 2. c4 e6 3. Nc3 Bb4 4. Qc2 0-0 5. a3 Bxc3+ 6. Qxc3 Ne4 7. Qc2 f5 8. Nf3 a5 9. e3 b6 10. Bd3 Bb7 11. b3 d6 12. Bb2 Nd7 13. 0-0 Ng5 14. Nxg5 Qxg5 15. b4 Qg6 16. Rad1 Nf6 17. Rde1 Ng4 18. d5 exd5 19. cxd5 Bxd5 20. Bc4 Bxc4 21. Qxc4+ Qf7 22. Qxf7+ Rxf7 23. h3 Nf6 24. Bxf6 Rxf6 25. Rc1 c5 26. f4 d5 27. Rcd1 Rd8 28. Kf2 Re6 29. Rd3 Re4 30. g4 fxg4 31. hxg4 d4 32. Kf3 Rde8 33. Re1 Kf7 34. Re2 R8e6 35. Kf2 Ke7 36. Kf3 Kd6 37. Kf2 Kd5 38. Kf3 Rh6 39. Kg2 Rh4 40. g5 Rhxf4 41. exf4 Rxe2+ 42. Kf3 Rc2 43. f5 Ke5 44. f6 gxf6 45. gxf6 Kxf6 0-1